|
|
|
|
| LEADER |
00000nam0a2200000 4500 |
| 001 |
254443 |
| 005 |
20231101232933.0 |
| 035 |
|
|
|a (RuTPU)RU\TPU\book\276902
|
| 090 |
|
|
|a 254443
|
| 100 |
|
|
|a 20140320d1973 m y0rusy50 ca
|
| 101 |
0 |
|
|a rus
|
| 102 |
|
|
|a RU
|
| 105 |
|
|
|a a j 001zy
|
| 200 |
1 |
|
|a Практикум по общей химии
|e учебное пособие
|f под ред. Е. М. Соколовской
|
| 205 |
|
|
|a 2-е изд., перераб. и доп.
|
| 210 |
|
|
|a Москва
|c Изд-во Московского ун-та
|d 1973
|
| 215 |
|
|
|a 387 с.
|c ил.
|
| 320 |
|
|
|a Библиогр.: с. 385.
|
| 606 |
1 |
|
|a Химия общая
|2 stltpush
|3 (RuTPU)RU\TPU\subj\67862
|9 83510
|
| 610 |
1 |
|
|a учебные пособия
|
| 610 |
1 |
|
|a практикумы
|
| 610 |
1 |
|
|a химические лаборатории
|
| 610 |
1 |
|
|a химические эксперименты
|
| 610 |
1 |
|
|a химические реакции
|
| 610 |
1 |
|
|a химические элементы
|
| 610 |
1 |
|
|a качественный анализ
|
| 675 |
|
|
|a 54(076.5)
|v 3
|
| 702 |
|
1 |
|a Соколовская
|b Е. М.
|4 340
|
| 801 |
|
1 |
|a RU
|b 63413507
|c 20140320
|
| 801 |
|
2 |
|a RU
|b 63413507
|c 20161124
|g RCR
|
| 942 |
|
|
|c BK
|